000 00586nam a22001937a 4500
999 _c9076
_d9076
003 AR-CdUCM
008 190327b ||||| |||| 00| 0 spa d
020 _a978-968-16-5186-2
040 _aMUNICIPALIDAD PROVINCIAL DEL CUSCO
_cBIBLIOTECA MUNICIPAL DEL CUSCO
082 _aSI-0035 /
_bZEP / mar
100 _aZepeda, Monique
_925060
245 _aMarita no sabe dibujar /
260 _aMéxico :
_bFondo de Cultura Económica,
_c2013.
300 _bIlustraciones.
_c26.5 cm.
650 _aCuentos infantiles
_93927
650 _aSiglo XXI
_92856
942 _2ddc
_cLIBROS
945 _aafb